000
00301nam a22001337a 4500
008
170731b xxu||||| |||| 00| 0 eng d
020
_a
3854284179
041
_a
ger
080
_a
004
100
_a
32
101
_a
SHK
245
_a
NEUAUSRICHTUNG DES CONTROLLING
_c
SCHADENHOFER,M
942
_2
udc
_c
BK
999
_c
22273
_d
22273